Conferencia curricular: la formación de profesores
Guardat en:
| Autor principal: | |
|---|---|
| Format: | Llibre |
| Idioma: | espanyol |
| Publicat: |
Concepción
Universidad de Concepción
1987
|
| Matèries: | |
| Etiquetes: |
Afegir etiqueta
Sense etiquetes, Sigues el primer a etiquetar aquest registre!
|
MARC
| LEADER | 00000nam a2200000 a 4500 | ||
|---|---|---|---|
| 001 | UCY2065 | ||
| 003 | CL-VaPUC | ||
| 008 | 941007e19870000CL |||||||||||||||||spa|d | ||
| 082 | 0 | 4 | |a 371.1 |b RIO |2 21 |
| 100 | 0 | |a Ríoseco G., Marilú |e author |9 330122 | |
| 245 | 1 | 0 | |a Conferencia curricular: la formación de profesores |
| 300 | |a 178 p | ||
| 942 | |c BK | ||
| 945 | |d 19941007 00:00:00 |a rbrito | ||
| 260 | |a Concepción |b Universidad de Concepción |c 1987 | ||
| 650 | 0 | |a Formación profesional de profesores |9 307493 | |
| 650 | 0 | |a Currículo |9 307290 | |
| 650 | 0 | |a Planificación del currículo |9 269599 | |
| 583 | |a last modification |c 19941007 00:00:00 |k Rodrigo Vera | ||
| 999 | |c 230574 |d 230572 | ||
| 952 | |0 0 |1 0 |4 0 |6 371_100000000000000_RIO_1987 |7 0 |8 P |9 232945 |a BIBEDU |b BIBEDU |c BIBEDU_PB |d 2019-11-15 |i 3019241 |o 371.1 RIO 1987 |p 3019241 |r 2024-01-25 |w 2019-11-15 |y BK |k EDU | ||
| 952 | |0 0 |1 0 |4 0 |6 371_100000000000000_RIO_1987 |7 0 |8 P |9 232946 |a BIBEDU |b BIBEDU |c BIBEDU_PB |d 2019-11-15 |i 3861678 |o 371.1 RIO 1987 |p 3861678 |r 2024-01-25 |w 2019-11-15 |y BK |k BME | ||